| 000 | 00392nam a22001217a 4500 | ||
|---|---|---|---|
| 008 | 170302b xxu||||| |||| 00| 0 eng d | ||
| 050 | _aK12.E3575(1988 Vol. 8) | ||
| 245 |
_aLegal Studies: The Journal of the Society of Public Teachers Law. / _cedited by J. A. Andrews |
||
| 260 |
_aLondon.: _bButterworths, _c1988. |
||
| 300 |
_aIV, 348p.: _c24cm |
||
| 440 |
_vvol.8 _x02613875 |
||
| 942 |
_2lcc _cBK |
||
| 999 |
_c6311 _d13811 |
||